[Event "Aligarh Pavna op"]
[Site "Aligarh"]
[Date "2016.05.22"]
[Round "9"]
[White "Sushant, Manuja"]
[Black "Aaryan, Varshney"]
[Result "1/2-1/2"]
[WhiteElo "1791"]
[BlackElo "1594"]
[PlyCount "36"]
[EventDate "2016.05.17"]
[EventType "swiss"]
[EventRounds "9"]
[EventCountry "IND"]
[SourceTitle "CBM 172 Extra"]
[Source "ChessBase"]
[SourceDate "2016.06.21"]
[SourceVersion "1"]
[SourceVersionDate "2016.06.21"]
[SourceQuality "1"]

1. e4 e6 2. d4 d5 3. Nc3 dxe4 4. Nxe4 Nd7 5. g3 Ngf6 6. Nxf6+ Nxf6 7. Bg2 Bd6 8. Nf3 0-0 9. 0-0 Rb8 10. c4 b6 11. Ne5 Bxe5 12. dxe5 Nd7 13. Qe2 Bb7 14. f3 Qe7 15. f4 Bxg2 16. Kxg2 Rfd8 17. Be3 a5 18. Rfd1 Nc5 1/2-1/2

[Event "Aligarh Pavna op"]
[Site "Aligarh"]
[Date "2016.05.21"]
[Round "8"]
[White "Sharma, Dinesh Kumar"]
[Black "Sushant, Manuja"]
[Result "1-0"]
[WhiteElo "2322"]
[BlackElo "1791"]
[PlyCount "97"]
[EventDate "2016.05.17"]
[EventType "swiss"]
[EventRounds "9"]
[EventCountry "IND"]
[SourceTitle "CBM 172 Extra"]
[Source "ChessBase"]
[SourceDate "2016.06.21"]
[SourceVersion "1"]
[SourceVersionDate "2016.06.21"]
[SourceQuality "1"]

1. e4 e6 2. d4 d5 3. Nc3 dxe4 4. Nxe4 Nd7 5. Bd3 Ngf6 6. Qe2 Be7 7. Nf3 0-0 8. Bd2 b6 9. 0-0-0 Bb7 10. Neg5 h6 11. h4 Bd6 12. Kb1 Qe7 13. Nh3 e5 14. dxe5 Nxe5 15. Nxe5 Qxe5 16. Qf1 Ne4 17. Bc1 Qf6 18. Bxe4 Bxe4 19. f3 Bb7 20. Nf2 h5 21. Qd3 Bf4 22. Qc4 Bxc1 23. Kxc1 c5 24. Nh3 Rad8 25. Ng5 g6 26. Rhe1 Kg7 27. a3 Bc6 28. Rxd8 Rxd8 29. Qe2 Re8 30. Qd2 Rd8 31. Qe2 Re8 32. Qd2 Rd8 33. Qe3 Re8 34. Qf2 Qf4+ 35. Kb1 Rxe1+ 36. Qxe1 Qd6 37. Kc1 Qf4+ 38. Kb1 Qd6 39. Qc3+ f6 40. b3 Kf8 41. Nh3 Kf7 42. Kb2 Ke6 43. Qc4+ Ke7 44. Nf4 f5 45. a4 Qf6+ 46. Kb1 Qd6 47. Ka2 Qf6 48. Qa6 Qxh4 49. Nxg6+ 1-0